| 000 | 01126nam a2200349 a 4500 | ||
|---|---|---|---|
| 001 | 000114897 | ||
| 003 | CHAP | ||
| 005 | 20220329144503.0 | ||
| 008 | 180730s2017 mx a |r| |||1|||spa d | ||
| 010 | _a111358 | ||
| 011 | _a112330 | ||
| 020 | _a9786071204868 | ||
| 040 | _cCHAP | ||
| 082 | 0 | 4 |
_a331.794097252 _bC83 |
| 100 | 1 |
_aCosío Ruiz, Celsa. _9135299 |
|
| 245 | 1 | 4 |
_aLas unidades domésticas de producción en el desarrollo local endógeno / _cpor Celsa Cosío Ruiz. |
| 260 |
_aMéxico : _bUACH, _c2017. |
||
| 300 |
_a83 p. : _bil., cuadros. |
||
| 590 |
_aBATCH-UPD _b05 _c20180730 _lUCH01 _h1256 |
||
| 590 |
_aE6337LMJ _b05 _c20180730 _lUCH01 _h1129 |
||
| 590 |
_aE6337LMJ _b05 _c20180730 _lUCH01 _h1130 |
||
| 590 |
_aE6337LMJ _b05 _c20180730 _lUCH01 _h1255 |
||
| 590 |
_aE6337LMJ _b05 _c20180730 _lUCH01 _h1300 |
||
| 590 |
_aE6337LMJ _b05 _c20180730 _lUCH01 _h1432 |
||
| 650 | 1 | 4 |
_aNegocios y educación _zMéxico. _9127384 |
| 650 | 1 | 4 |
_aNegocios _xAdministración. _9129872 |
| 650 | 1 | 4 |
_aNegocios _xCostos. _9130778 |
| 650 | 1 | 4 |
_aNegocios _xMétodos estadísticos. _980698 |
| 901 | _aBK | ||
| 942 | _cLIBRO | ||
| 942 | _n0 | ||
| 999 |
_c111358 _d111358 |
||